000
00214 a2200109 4500
001
74919
090
_c
39085
_d
39085
100
_a
CFT
245
_a
Admin Spacial
_h
English
260
_a
Risalpur
_b
CFT
_c
2001
300
_a
128p
942
_a
CAE NUST
999
_c
309992
_d
309992